000 00490nam a2200181Ia 4500
005 20250326123831.0
008 250326s9999 xx 000 0 und d
037 _aTextbook
040 _aFMSL
_beng
_cFMSL
041 _aeng
_2eng
084 _aS(X:8) L7
_qFMSL
100 _aKorman A K
245 0 _aOrganizational behaviour
_cKorman A K
260 _aNew Jersey
_bNew Jersey, Prentice-Hall
_c1977
300 _a438p
942 _cTB
_hS(X:8) L7
999 _c1271129
_d1271129